000 00536nam a22001817a 4500
999 _c12913
_d12913
008 211227b ||||| |||| 00| 0 eng d
020 _cRs.70.00
041 0 _ahin
082 0 0 _a891.4309
_bM6843
100 _93451
_aMitra, Bimal
245 1 0 _aJeevan mane dukh hi dukh/
_cBy Mitra Bimal
245 1 0 _aजीवन में दुख ही दुख है /
_cमित्रा बिमल
260 _aDelhi:
_bSanmarg prakashan,
_c1992
300 _a159 p.
365 _bINR 70.00
650 0 _aHindi Literature
942 _cBK